Oficina Tècnica de Parcs Naturals : pla d'objectius i actuacions 2010 pla d'objectius i actuacions 2010
Publicado:
Barcelona :
Diputació de Barcelona. Àrea d'Espais Naturals. Oficina Tècnica de Parcs Naturals ,
2009
Descripción Física:
120 p. : 29 cm
MARC
| LEADER | 00000nam a2200000Ia 4500 | ||
|---|---|---|---|
| 001 | 23880 | ||
| 008 | 160829s2009 xx 000 0 cat d | ||
| 080 | |a Bib-99 | ||
| 245 | |a Oficina Tècnica de Parcs Naturals : |b pla d'objectius i actuacions 2010 | ||
| 260 | |a Barcelona : |b Diputació de Barcelona. Àrea d'Espais Naturals. Oficina Tècnica de Parcs Naturals, |c 2009 | ||
| 300 | |a 120 p. : |b 29 cm | ||
| 610 | 2 | 0 | |a Barcelona (Catalunya : Província). |b Oficina Tècnica de Parcs Naturals |9 54370 |
| 710 | 2 | |a Barcelona (Catalunya : Província). |b Oficina Tècnica de Parcs Naturals |9 54370 | |
| 901 | |a Arxiu | ||
| 942 | |n 1 | ||
| 952 | |0 0 |1 0 |4 0 |6 BIB99 |7 1 |9 55834 |a Arxiu |b Arxiu |d 2016-12-01 |l 0 |o Bib-99 |p 23880 |r 2016-12-01 00:00:00 |w 2016-12-01 |y ARXIU | ||
| 999 | |c 59707 |d 59707 | ||